[Event "NED-ch U14 op"]
[Site "Borne"]
[Date "2013.08.07"]
[Round "4"]
[White "Van Kaam, Alex"]
[Black "Zijdemans, Zowie"]
[Result "1-0"]
[WhiteElo "1356"]
[BlackElo "1112"]
[PlyCount "77"]
[EventDate "2013.08.05"]
[EventType "swiss"]
[EventRounds "9"]
[EventCountry "NED"]
[SourceTitle "EXT 2015"]
[Source "ChessBase"]
[SourceDate "2014.11.20"]
[SourceVersion "1"]
[SourceVersionDate "2014.11.20"]
[SourceQuality "1"]

1. e4 c5 2. Nf3 Nc6 3. d4 cxd4 4. Nxd4 d5 5. Bb5 dxe4 6. Nc3 Nf6 7. Nxc6 Qxd1+ 8. Kxd1 bxc6 9. Bxc6+ Bd7 10. Bxa8 Bf5 11. Bc6+ Kd8 12. h3 e6 13. Ke2 Bc5 14. Bg5 Ke7 15. Rhd1 Bd6 16. Bxf6+ gxf6 17. Bxe4 Bxe4 18. Nxe4 Be5 19. c3 Rb8 20. Rd2 Bf4 21. Rc2 f5 22. Nc5 Rg8 23. Nd3 Bd6 24. Kf1 f6 25. c4 Bc7 26. b4 Rd8 27. Nc5 Bb6 28. Rb1 e5 29. Na6 Rc8 30. c5 Bd8 31. a4 Kd7 32. Rd1+ Ke7 33. Rcd2 f4 34. Rxd8 Rxd8 35. Rxd8 Kxd8 36. b5 Kc8 37. c6 e4 38. Nc5 f5 39. Ne6 1-0

[Event "NED-ch U13"]
[Site "Rijswijk"]
[Date "2011.06.02"]
[Round "3"]
[White "Roesink, Myron"]
[Black "Van Kaam, Alex"]
[Result "1-0"]
[WhiteElo "1554"]
[BlackElo "1190"]
[PlyCount "55"]
[EventDate "2011.06.02"]
[EventType "swiss"]
[EventRounds "9"]
[EventCountry "NED"]
[SourceTitle "EXT 2012"]
[Source "ChessBase"]
[SourceDate "2011.11.24"]
[SourceVersion "1"]
[SourceVersionDate "2011.11.24"]
[SourceQuality "1"]

1. e4 c5 2. Nf3 Nc6 3. d4 cxd4 4. Nxd4 Nf6 5. Nc3 e5 6. Nf3 d6 7. Bc4 Be6 8. Bb3 Bxb3 9. axb3 g6 10. Bg5 Bg7 11. Nb5 Bf8 12. Bxf6 Qxf6 13. Nc7+ Kd7 14. Nxa8 Bh6 15. Nb6+ axb6 16. 0-0 Rc8 17. Qd3 Ke7 18. Qb5 Nd4 19. Nxd4 exd4 20. Qxb6 Rd8 21. Rfd1 d3 22. Rxd3 Qxb2 23. Rad1 Qe5 24. Qxb7+ Rd7 25. Qd5 Qf6 26. e5 Qf4 27. exd6+ Kd8 28. Qa8# 1-0

[Event "NED-ch U13"]
[Site "Rijswijk"]
[Date "2011.06.02"]
[Round "2"]
[White "Van Kaam, Alex"]
[Black "Lecomte, Robin"]
[Result "0-1"]
[WhiteElo "1190"]
[BlackElo "1770"]
[PlyCount "48"]
[EventDate "2011.06.02"]
[EventType "swiss"]
[EventRounds "9"]
[EventCountry "NED"]
[SourceTitle "EXT 2012"]
[Source "ChessBase"]
[SourceDate "2011.11.24"]
[SourceVersion "1"]
[SourceVersionDate "2011.11.24"]
[SourceQuality "1"]

1. e4 c5 2. Nf3 Nc6 3. d4 cxd4 4. Nxd4 g6 5. Be3 Nf6 6. Nc3 Bg7 7. Bc4 0-0 8. 0-0 Nxe4 9. Nxe4 d5 10. Nxc6 bxc6 11. Bxd5 cxd5 12. Ng3 Bxb2 13. Rb1 Bg7 14. Bc5 Ba6 15. Re1 Re8 16. Rb3 Bc4 17. Rbe3 e5 18. f4 Qc7 19. Ba3 e4 20. f5 Qb6 21. Kh1 Bd4 22. Qd2 Bxe3 23. Qxe3 Qxe3 24. Rxe3 Rab8 0-1